Auswirkungen der Rechtsherzgröße auf die rechtsventrikuläre Pumpfunktion bei pulmonal-arterieller Hypertonie

Saved in:
Bibliographic Details
Main Author: Weinstock, Kilian Felix (Author)
Format: Book/Monograph Thesis
Language:German
Published: Heidelberg 2025
Subjects:
Online Access: Get full text
Author Notes:vorgelegt von Kilian Felix Weinstock ; Doktorvater: Herr Prof. Dr. med. Ekkehard Grünig

MARC

LEADER 00000cam a2200000 c 4500
001 1968266313
003 DE-627
005 20260413142055.0
007 tu
008 260409s2025 gw ||||| m 00| ||ger c
035 |a (DE-627)1968266313 
035 |a (DE-599)KXP1968266313 
035 |a (OCoLC)1584516956 
040 |a DE-627  |b ger  |c DE-627  |e rda 
041 |a ger 
044 |c XA-DE-BW 
084 |a 33  |2 sdnb 
100 1 |a Weinstock, Kilian Felix  |d 1995-  |e VerfasserIn  |0 (DE-588)1395745706  |0 (DE-627)1968320911  |4 aut 
245 1 0 |a Auswirkungen der Rechtsherzgröße auf die rechtsventrikuläre Pumpfunktion bei pulmonal-arterieller Hypertonie  |c vorgelegt von Kilian Felix Weinstock ; Doktorvater: Herr Prof. Dr. med. Ekkehard Grünig 
264 1 |a Heidelberg  |c 2025 
300 |a VII, 83 Blätter  |b Illustrationen, Diagramme 
336 |a Text  |b txt  |2 rdacontent 
337 |a ohne Hilfsmittel zu benutzen  |b n  |2 rdamedia 
338 |a Band  |b nc  |2 rdacarrier 
502 |b Dissertation  |c Ruprecht-Karls-Universität Heidelberg  |d 2026 
655 7 |a Hochschulschrift  |0 (DE-588)4113937-9  |0 (DE-627)105825778  |0 (DE-576)209480580  |2 gnd-content 
700 1 |a Grünig, Ekkehard  |e AkademischeR BetreuerIn  |0 (DE-588)112535801  |0 (DE-627)618892605  |0 (DE-576)31856694X  |4 dgs 
710 2 |a Universität Heidelberg  |e Grad-verleihende Institution  |0 (DE-588)2024349-2  |0 (DE-627)102161488  |0 (DE-576)191769517  |4 dgg 
751 |a Heidelberg  |0 (DE-588)4023996-2  |0 (DE-627)106300814  |0 (DE-576)208952578  |4 uvp 
951 |a BO 
992 |a 20260413 
993 |a Thesis 
994 |a 2026 
998 |g 1395745706  |a Weinstock, Kilian Felix  |m 1395745706:Weinstock, Kilian Felix  |d 50000  |d 51001  |e 50000PW1395745706  |e 51001PW1395745706  |k 0/50000/  |k 1/50000/51001/  |p 1  |x j  |y j 
999 |a KXP-PPN1968266313  |e 495121752X 
BIB |a Y 
JSO |a {"noteThesis":["Dissertation. - Ruprecht-Karls-Universität Heidelberg. - 2026"],"physDesc":[{"noteIll":"Illustrationen, Diagramme","extent":"VII, 83 Blätter"}],"language":["ger"],"corporate":[{"display":"Universität Heidelberg","role":"dgg"}],"id":{"eki":["1968266313"]},"title":[{"title":"Auswirkungen der Rechtsherzgröße auf die rechtsventrikuläre Pumpfunktion bei pulmonal-arterieller Hypertonie","title_sort":"Auswirkungen der Rechtsherzgröße auf die rechtsventrikuläre Pumpfunktion bei pulmonal-arterieller Hypertonie"}],"name":{"displayForm":["vorgelegt von Kilian Felix Weinstock ; Doktorvater: Herr Prof. Dr. med. Ekkehard Grünig"]},"origin":[{"dateIssuedKey":"2025","publisherPlace":"Heidelberg","dateIssuedDisp":"2025"}],"recId":"1968266313","person":[{"family":"Weinstock","given":"Kilian Felix","display":"Weinstock, Kilian Felix","role":"aut"},{"family":"Grünig","given":"Ekkehard","display":"Grünig, Ekkehard","role":"dgs"}],"type":{"bibl":"thesis"}} 
SRT |a WEINSTOCKKAUSWIRKUNG2025